Logo BPK

Biblioteka

Politechniki Koszalińskiej

Analiza wrażliwości i optymalizacja konstrukcji prętowych / (Rekord nr 39008)

Szczegóły MARC
000 -ETYKIETA REKORDU
podpole kontrolne o stałej długości 00894nam a2200253 i 4500
001 - NUMER KONTROLNY REKORDU
pole kontrolne bg
040 ## - ŹRÓDŁO KATALOGOWANIA
Instytucja, która utworzyła rekord BPK
041 0# - KOD JĘZYKA
Kod języka tekstu pl
Kod języka streszczenia lub abstraktu en
080 ## - UNIWERSALNA KLASYFIKACJA DZIESIĘTNA - UKD
UKD 624.01/.07:519.863
008 - POLE O STAŁEJ DŁUGOŚCI - DANE KONTROLNE
podpole kontrolne o stałej długości s pl f |000 0 pol
100 1# - NAZWA OSOBOWA
Nazwa osobowa BOJCZUK, Dariusz
245 10 - TYTUŁ/ODPOWIEDZIALNOŚĆ
Tytuł Analiza wrażliwości i optymalizacja konstrukcji prętowych /
Pozostałe elementy strefy tytułu i oznaczenia odpowiedzialności Dariusz Bojczuk.
260 ## - STREFA ADRESU WYDAWNICZEGO
Miejsce wydania Kielce :
Nazwa wydawcy/dystrybutora Wydaw. PŚ.,
Data publikacji, dystrybucji/powstania dokumentu 1999.
300 ## - STREFA OPISU FIZYCZNEGO
Objętość 249 s. :
Inne cechy fizyczne il. ;
Rozmiary 23 cm.
490 1# - STREFA SERII I DOKUMENTU WIELOCZĘŚCIOWEGO - FORMA NIE DO WYSZUKIWANIA
Tytuł i oznaczenie odpowiedzialności serii Monografie, Studia, Rozprawy / [Politechnika Świętokrzyska],
ISSN 0239-4979 ;
Numeracja w obrębie serii 18
500 ## - UWAGI OGÓLNE
Tekst uwagi Rozprawa habilitacyjna. Politechnika Świętokrzyska. - Streszcz. ang.
504 ## - UWAGA DOTYCZĄCA BIBLIOGRAFII
Informacje o bibliografii Bibliogr.
650 #9 - HASŁO PRZEDMIOTOWE W FORMIE NAZWY OGÓLNEJ LUB JEDNOSTKOWEJ
Nazwa ogólna lub geograficzna Belka
Określnik ogólny mechanika
650 #9 - HASŁO PRZEDMIOTOWE W FORMIE NAZWY OGÓLNEJ LUB JEDNOSTKOWEJ
Nazwa ogólna lub geograficzna Optymalizacja
Określnik ogólny stosowanie
-- mechanika
650 #9 - HASŁO PRZEDMIOTOWE W FORMIE NAZWY OGÓLNEJ LUB JEDNOSTKOWEJ
Nazwa ogólna lub geograficzna Pręty
Określnik ogólny konstrukcje
-- mechanika
650 #9 - HASŁO PRZEDMIOTOWE W FORMIE NAZWY OGÓLNEJ LUB JEDNOSTKOWEJ
Nazwa ogólna lub geograficzna Rama
Określnik ogólny mechanika
830 #0 - HASŁO DODATKOWE SERII LUB DOKUMENTU WIELOCZĘŚCIOWEGO - TYTUŁ UJEDNOLICONY
Tytuł ujednolicony Monografie, Studia, Rozprawy ([Politechnika Świętokrzyska]) ;
Oznaczenie tomu 18
856 ## - LOKALIZACJA I DOSTĘP DO ELEKTRONICZNYCH DOKUMENTÓW ZDALNYCH
Link (URL) http://koha.tu.koszalin.pl/cgi-bin/koha/opac-detail.pl?biblionumber=39008
Tekst linku Katalog online BPK
942 ## - DODATKOWE ELEMENTY (KOHA)
Typ dokumentu Książka
Egzemplarze
Wycofany Status egzemplarza Uszkodzony Dostępność Lokalizacja stała Lokalizacja bieżąca Miejsce przechowywania Sygnatura Kod kreskowy Typ dokumentu
      Dostępny Biblioteka Politechniki Koszalińskiej Biblioteka Politechniki Koszalińskiej Wypożyczalnia BG 57820 01545753 Książka
© 2023 Biblioteka Politechniki Koszalińskiej :: KOHA